[Event "Verseau U1400"]
[Site "Chambly CAN"]
[Date "2025.02.19"]
[Round "2.11"]
[White "De Guise, Ronald"]
[Black "Alameddine, Karim"]
[Result "1-0"]
[WhiteElo "1288"]
[BlackElo "1335"]
[WhiteFideId "-1"]
[WhiteFideId "-1"]
[PlyCount "99"]
[GameId "2191150456956448"]
[EventDate "2025.02.12"]
[EventType "swiss"]
[EventRounds "4"]
[EventCountry "CAN"]

1. e4 e5 2. Nf3 d6 3. Bc4 h6 4. d4 Qe7 5. O-O Nf6 6. dxe5 dxe5 7. Nc3 c6 8. a4 Qc7 9. Qe2 Be7 10. Na2 O-O 11. b4 a6 12. Bb2 Nbd7 13. h3 b5 14. axb5 cxb5 15. Bb3 Kh7 16. Nd2 g6 17. Rfc1 Nh5 18. c4 Qb8 19. c5 Nf4 20. Qe3 Bg5 21. c6 Nxg2 22. Qc3 Nh4 23. cxd7 Bxd2 24. d8=Q Rxd8 25. Qg3 Bg5 26. Bxe5 Qa7 27. Rc7 Qb6 28. Rxf7+ Kg8 29. Rb7+ Kf8 30. Rxb6 Rd2 31. Bf4 Rb2 32. Bd5 Ra7 33. Bxg5 hxg5 34. Qd6+ Ke8 35. Qe5+ Re7 36. Qxb2 Bxh3 37. Rb8+ Kd7 38. Qc3 Bg4 39. Qc8+ Kd6 40. Qxg4 Kc7 41. Qc8+ Kd6 42. Rb6+ Ke5 43. Qh8+ Kf4 44. Qf6+ Kg4 45. Qxe7 Nf3+ 46. Kf1 Nh2+ 47. Ke2 Nf3 48. Be6+ Kh4 49. Kxf3 Kh5 50. Rh1# 1-0

[Event "Verseau U1400"]
[Site "Chambly CAN"]
[Date "2025.02.19"]
[Round "2.12"]
[White "Hebert, Sebastien"]
[Black "Coutu, Olivier"]
[Result "1-0"]
[WhiteElo "1262"]
[BlackElo "1192"]
[WhiteFideId "-1"]
[WhiteFideId "-1"]
[PlyCount "91"]
[GameId "2191150456956449"]
[EventDate "2025.02.12"]
[EventType "swiss"]
[EventRounds "4"]
[EventCountry "CAN"]

1. e4 e5 2. Nf3 Nc6 3. Bc4 Bc5 4. a3 Nf6 5. d3 d6 6. h3 Nd4 7. Nbd2 b5 8. Ba2 Qe7 9. c3 Nc6 10. b4 Bb6 11. a4 a6 12. axb5 axb5 13. Bxf7+ Qxf7 14. Rxa8 O-O 15. O-O Nh5 16. Qb3 Be6 17. Rxf8+ Kxf8 18. Qa3 Nf4 19. Qa8+ Qe8 20. Qxe8+ Kxe8 21. d4 exd4 22. cxd4 Ne2+ 23. Kh2 Nexd4 24. Nxd4 Nxd4 25. Bb2 Nc2 26. Bc3 g6 27. Nf3 c5 28. Rd1 Ke7 29. bxc5 dxc5 30. Ne1 Na3 31. f3 b4 32. Be5 c4 33. Bd6+ Kf6 34. Bxb4 Nb5 35. Nc2 Bc7+ 36. Kh1 Bf4 37. Na3 Nxa3 38. Bxa3 c3 39. Bc1 c2 40. Rg1 Ke5 41. Bxf4+ Kxf4 42. Re1 Ke5 43. Kg1 Kd4 44. Kf2 Kc3 45. Ke3 Bc4 46. g4 1-0

[Event "Verseau U1400"]
[Site "Chambly CAN"]
[Date "2025.02.19"]
[Round "2.13"]
[White "Raymond, Pierre"]
[Black "Lauzon, Francois"]
[Result "1-0"]
[WhiteElo "1112"]
[BlackElo "1224"]
[WhiteFideId "-1"]
[WhiteFideId "-1"]
[PlyCount "91"]
[GameId "2191150456956450"]
[EventDate "2025.02.12"]
[EventType "swiss"]
[EventRounds "4"]
[EventCountry "CAN"]

1. e4 c5 2. Nf3 d6 3. Bc4 e6 4. c3 Nc6 5. d4 a6 6. O-O Nf6 7. Bg5 Be7 8. Nbd2 b5 9. Bd3 Qb6 10. d5 Ne5 11. Nxe5 dxe5 12. Nf3 Qd6 13. c4 bxc4 14. Qa4+ Bd7 15. Qxc4 Bb5 16. Qc2 h6 17. Bxf6 Bxf6 18. a4 Bxd3 19. Qxd3 O-O 20. Nd2 Rfd8 21. Nc4 Qb8 22. d6 Rd7 23. a5 Raa7 24. Nb6 Qxd6 25. Qxd6 Rxd6 26. Nc8 Rad7 27. Nxd6 Rxd6 28. Rab1 Bd8 29. b4 cxb4 30. Rxb4 Bxa5 31. Rb8+ Kh7 32. g3 Rd4 33. f3 Rd2 34. Ra8 Bb6+ 35. Kh1 a5 36. Ra6 Rb2 37. Rd1 Kg6 38. Rd7 Be3 39. Rxa5 Kf6 40. Ra8 Kg6 41. Rf8 Kh5 42. Rfxf7 Rb1+ 43. Kg2 Rg1+ 44. Kh3 Rh1 45. g4+ Kg5 46. Rxg7+ 1-0

[Event "Verseau U1400"]
[Site "Chambly CAN"]
[Date "2025.02.19"]
[Round "2.14"]
[White "Capotorto, Michele"]
[Black "Monette, Andre"]
[Result "0-1"]
[WhiteElo "962"]
[BlackElo "1106"]
[WhiteFideId "-1"]
[WhiteFideId "-1"]
[PlyCount "60"]
[GameId "2191150456956451"]
[EventDate "2025.02.12"]
[EventType "swiss"]
[EventRounds "4"]
[EventCountry "CAN"]

1. e4 e5 2. Nc3 Nf6 3. Bc4 d6 4. d3 Bg4 5. f3 Bh5 6. Be3 c6 7. Qd2 Be7 8. O-O-O a5 9. a4 Nbd7 10. Qf2 b5 11. axb5 c5 12. Qg3 Qb6 13. Qxg7 Rg8 14. Qh6 Bf8 15. Bxf7+ Kxf7 16. Qxh5+ Nxh5 17. Nh3 Rxg2 18. Rhg1 Rg6 19. Ng5+ Ke8 20. Nxh7 Rxg1 21. Rxg1 Ndf6 22. Bg5 Ra7 23. Nxf6+ Nxf6 24. Bxf6 Bh6+ 25. Bg5 Bxg5+ 26. Rxg5 a4 27. h4 a3 28. Rg8+ Kf7 29. Rg4 a2 30. Kd2 a1=Q 0-1

[Event "Verseau U1400"]
[Site "Chambly CAN"]
[Date "2025.02.26"]
[Round "3.9"]
[White "Isabel, Patrick"]
[Black "Barhoumi, Amine"]
[Result "0-1"]
[WhiteElo "1262"]
[BlackElo "1124"]
[WhiteFideId "-1"]
[WhiteFideId "-1"]
[PlyCount "70"]
[GameId "2191150456956460"]
[EventDate "2025.02.12"]
[EventType "swiss"]
[EventRounds "4"]
[EventCountry "CAN"]

1. d4 c6 2. e4 d5 3. Nc3 dxe4 4. Nxe4 Nf6 5. Nxf6+ exf6 6. Be3 Bd6 7. Bd3 O-O 8. h3 Re8 9. Qd2 c5 10. d5 Nd7 11. Nf3 Ne5 12. O-O-O Nxf3 13. gxf3 Qc7 14. h4 c4 15. Be2 f5 16. Rhg1 f4 17. Bd4 g6 18. h5 Bf5 19. Bf1 a6 20. Qc3 b5 21. Bh8 Be5 22. Bxe5 Qxe5 23. Qxe5 Rxe5 24. h6 Rd8 25. Bg2 Rexd5 26. Rxd5 Rxd5 27. Re1 Kf8 28. Bf1 Rd6 29. b3 cxb3 30. axb3 Rc6 31. c4 bxc4 32. bxc4 g5 33. Kd2 Rxh6 34. Kc3 Re6 35. Rb1 Bxb1 0-1

[Event "Verseau U1400"]
[Site "Chambly CAN"]
[Date "2025.02.26"]
[Round "3.10"]
[White "Tse, Edwin"]
[Black "De Guise, Ronald"]
[Result "1-0"]
[WhiteElo "1231"]
[BlackElo "1288"]
[WhiteFideId "-1"]
[WhiteFideId "-1"]
[PlyCount "69"]
[GameId "2191150456956461"]
[EventDate "2025.02.12"]
[EventType "swiss"]
[EventRounds "4"]
[EventCountry "CAN"]

1. d4 d5 2. Bg5 Nc6 3. e3 a6 4. c4 Be6 5. cxd5 Bxd5 6. Nc3 b5 7. Nf3 h6 8. Bh4 g5 9. Bg3 Nf6 10. h3 e6 11. Bd3 Bb4 12. O-O Ba5 13. Rc1 Nb4 14. Be5 Nxd3 15. Qxd3 Bc4 16. Qd1 Bxf1 17. Qxf1 Rg8 18. b4 Bb6 19. a4 Nd7 20. axb5 a5 21. Na4 Nxe5 22. Nxe5 f5 23. Qc4 Qd5 24. Nxb6 Qxc4 25. Nbxc4 axb4 26. Nc6 g4 27. hxg4 fxg4 28. Nxb4 g3 29. Ne5 gxf2+ 30. Kxf2 Rg7 31. Na6 Ra7 32. b6 Rb7 33. bxc7 Rb2+ 34. Kf3 Rgxg2 35. c8=Q+ 1-0

[Event "Verseau U1400"]
[Site "Chambly CAN"]
[Date "2025.02.26"]
[Round "3.11"]
[White "Doyon, Martin"]
[Black "Lecompte, Christian"]
[Result "0-1"]
[WhiteElo "1317"]
[BlackElo "1275"]
[WhiteFideId "-1"]
[WhiteFideId "-1"]
[PlyCount "98"]
[GameId "2191150456956462"]
[EventDate "2025.02.12"]
[EventType "swiss"]
[EventRounds "4"]
[EventCountry "CAN"]

1. Nf3 d5 2. g3 Bg4 3. Bg2 Nf6 4. d3 Nc6 5. O-O e5 6. Nbd2 Bc5 7. c3 O-O 8. b4 Bd6 9. b5 Ne7 10. e4 c6 11. a4 a6 12. bxc6 Nxc6 13. Re1 Rc8 14. Ba3 Bxa3 15. Rxa3 Qd6 16. Rb3 Na5 17. Rb4 Rxc3 18. Qb1 Rxd3 19. Qxd3 Qxb4 20. Nxe5 Rd8 21. exd5 Be6 22. Rc1 Nxd5 23. Rb1 Qxa4 24. Rc1 Nc6 25. Nxc6 bxc6 26. Be4 h6 27. Qc2 Qxc2 28. Rxc2 Nb4 29. Rb2 c5 30. Kg2 Bd5 31. h4 Bxe4+ 32. Nxe4 Rc8 33. Nxc5 Rxc5 34. Rxb4 Rb5 35. Ra4 a5 36. Kf3 Kf8 37. Ke4 Ke7 38. Kd4 Rb4+ 39. Rxb4 axb4 40. Kc4 Ke6 41. Kxb4 Ke5 42. Kc5 g5 43. h5 f5 44. f3 g4 45. f4+ Ke4 46. Kd6 Kf3 47. Ke5 Kxg3 48. Kxf5 Kf3 49. Ke5 g3 0-1

[Event "Verseau U1400"]
[Site "Chambly CAN"]
[Date "2025.02.26"]
[Round "3.12"]
[White "Monette, Andre"]
[Black "Hebert, Sebastien"]
[Result "0-1"]
[WhiteElo "1106"]
[BlackElo "1262"]
[WhiteFideId "-1"]
[WhiteFideId "-1"]
[PlyCount "61"]
[GameId "2191150456956463"]
[EventDate "2025.02.12"]
[EventType "swiss"]
[EventRounds "4"]
[EventCountry "CAN"]

1. e4 e5 2. Nf3 Nc6 3. Nc3 a6 4. Bc4 h6 5. d4 d6 6. Be3 Nf6 7. d5 Na7 8. Bxa7 Rxa7 9. b4 Bd7 10. a4 Be7 11. h3 b6 12. Qe2 Qa8 13. O-O O-O 14. b5 a5 15. Nd1 Nh7 16. Nh4 Bxh4 17. f4 exf4 18. Rxf4 Bg3 19. Rf1 Be5 20. Rb1 Qd8 21. h4 Qxh4 22. g3 Qxg3+ 23. Qg2 Qxg2+ 24. Kxg2 Ng5 25. Nf2 Bd4 26. Rh1 Bxf2 27. Kxf2 Nxe4+ 28. Ke3 Re8 29. Rbe1 Ng3+ 30. Kf2 Nxh1+ 31. Rxh1 0-1

[Event "Verseau U1400"]
[Site "Chambly CAN"]
[Date "2025.02.26"]
[Round "3.13"]
[White "Bonin, Francis"]
[Black "Vallee, Genevieve"]
[Result "1-0"]
[WhiteElo "1250"]
[BlackElo "1243"]
[WhiteFideId "-1"]
[WhiteFideId "-1"]
[PlyCount "55"]
[GameId "2191150456956464"]
[EventDate "2025.02.12"]
[EventType "swiss"]
[EventRounds "4"]
[EventCountry "CAN"]

1. e4 e5 2. Nf3 Nf6 3. Nc3 Nc6 4. Bc4 Bb4 5. d3 d6 6. a3 Ba5 7. Be3 Bg4 8. h3 Bh5 9. b4 Bb6 10. Nd5 Bxe3 11. fxe3 Nd7 12. g4 Bg6 13. Qe2 Ne7 14. c3 c6 15. Nxe7 Qxe7 16. O-O-O b5 17. Bb3 a5 18. h4 h6 19. h5 Bh7 20. Rdf1 Rf8 21. Qg2 Bg8 22. g5 f6 23. Bxg8 Rxg8 24. gxh6 Nf8 25. Rfg1 Qf7 26. hxg7 Nh7 27. Qg6 Rxg7 28. Qxg7 1-0

[Event "Verseau U1400"]
[Site "Chambly CAN"]
[Date "2025.02.26"]
[Round "3.14"]
[White "Alameddine, Karim"]
[Black "Raymond, Pierre"]
[Result "1-0"]
[WhiteElo "1335"]
[BlackElo "1112"]
[WhiteFideId "-1"]
[WhiteFideId "-1"]
[PlyCount "95"]
[GameId "2191150456956465"]
[EventDate "2025.02.12"]
[EventType "swiss"]
[EventRounds "4"]
[EventCountry "CAN"]

1. e4 e5 2. d3 Nf6 3. Nf3 Nc6 4. c3 d6 5. h3 Be7 6. Be2 d5 7. Qc2 d4 8. a3 Nh5 9. c4 h6 10. b4 a6 11. Qb3 Nf4 12. Bf1 b5 13. Bd2 O-O 14. Qc2 Bb7 15. g3 Ng6 16. Bg2 Na7 17. c5 c6 18. h4 Bc8 19. h5 Nh8 20. Nxe5 f6 21. Nf3 Qc7 22. Bf4 Qd8 23. Qb2 f5 24. Nxd4 Bf6 25. e5 Qe8 26. Nf3 Nf7 27. d4 Bg5 28. Nbd2 Bxf4 29. gxf4 Be6 30. O-O-O Bd5 31. Rh2 Qd8 32. Re1 Re8 33. Rg1 a5 34. Nh4 Qd7 35. Bxd5 Qxd5 36. Nxf5 Kh8 37. f3 axb4 38. Qxb4 Nc8 39. Qb2 Rg8 40. Ne3 Qd7 41. Qb3 Qa7 42. Nb1 Qd7 43. Rd2 Ra4 44. e6 Qe7 45. exf7 Rf8 46. Rxg7 Kxg7 47. Nf5+ Kf6 48. Nxe7 1-0

[Event "Verseau U1400"]
[Site "Chambly CAN"]
[Date "2025.02.26"]
[Round "3.15"]
[White "Laplante, Germain"]
[Black "Coutu, Olivier"]
[Result "0-1"]
[WhiteElo "1212"]
[BlackElo "1192"]
[WhiteFideId "-1"]
[WhiteFideId "-1"]
[PlyCount "102"]
[GameId "2191150456956466"]
[EventDate "2025.02.12"]
[EventType "swiss"]
[EventRounds "4"]
[EventCountry "CAN"]

1. d4 d5 2. Bf4 Nc6 3. Nf3 Nf6 4. h3 Bf5 5. c3 e6 6. e3 Bd6 7. Ne5 Bxe5 8. dxe5 Nd7 9. Bb5 O-O 10. Bxc6 bxc6 11. O-O Rb8 12. b3 f6 13. exf6 Qxf6 14. Bxc7 Rb7 15. Bd6 Rf7 16. Qd4 e5 17. Bxe5 Qxe5 18. Nd2 Qxd4 19. cxd4 Nf6 20. Rac1 Rb6 21. Rfe1 Ne4 22. Nxe4 Bxe4 23. Rc5 Rf6 24. Rec1 Rg6 25. g3 Rh6 26. Kh2 Bf5 27. h4 g5 28. e4 Bxe4 29. R5c3 gxh4 30. gxh4 Rxh4+ 31. Rh3 Rxh3+ 32. Kxh3 a5 33. Kg4 Rb4 34. Rxc6 Rxd4 35. Rc5 Bb1+ 36. f4 Bxa2 37. Rxa5 Bxb3 38. Kf5 Bc2+ 39. Ke5 Rd1 40. Rxd5 Rxd5+ 41. Kxd5 Kf7 42. Ke5 Kg6 43. Ke6 h5 44. Ke5 h4 45. f5+ Bxf5 46. Kf4 Kh5 47. Kf3 Kg5 48. Kg2 Kg4 49. Kh2 h3 50. Kh1 Kg3 51. Kg1 h2+ 0-1

[Event "Verseau U1400"]
[Site "Chambly CAN"]
[Date "2025.02.26"]
[Round "3.16"]
[White "Lauzon, Francois"]
[Black "Roy, Nicholas"]
[Result "1-0"]
[WhiteElo "1224"]
[BlackElo "1074"]
[WhiteFideId "-1"]
[WhiteFideId "-1"]
[PlyCount "73"]
[GameId "2191150456956467"]
[EventDate "2025.02.12"]
[EventType "swiss"]
[EventRounds "4"]
[EventCountry "CAN"]

1. d4 d5 2. c4 e6 3. Nf3 c5 4. Nc3 Nf6 5. h3 Nc6 6. Bf4 Bd6 7. Bxd6 Qxd6 8. Nb5 Qd8 9. cxd5 exd5 10. dxc5 O-O 11. e3 b6 12. cxb6 Qxb6 13. b3 Qa5+ 14. Qd2 Ne4 15. Qxa5 Nxa5 16. Rc1 Ba6 17. Nbd4 Rac8 18. Rc2 Rxc2 19. Nxc2 Nc6 20. Ncd4 Bxf1 21. Rxf1 Nxd4 22. Nxd4 f5 23. f3 Ng3 24. Rf2 f4 25. Ne6 fxe3 26. Rc2 Re8 27. Nd4 Kf7 28. Kd1 Kf6 29. Ne2 Nxe2 30. Kxe2 d4 31. Rc5 Re5 32. Rc4 d3+ 33. Kxd3 e2 34. Rc6+ Re6 35. Rxe6+ Kxe6 36. Kxe2 Kd5 37. Kd3 1-0

[Event "Verseau U1400"]
[Site "Chambly CAN"]
[Date "2025.03.05"]
[Round "4.9"]
[White "Hebert, Sebastien"]
[Black "Isabel, Patrick"]
[Result "1-0"]
[WhiteElo "1262"]
[BlackElo "1262"]
[WhiteFideId "-1"]
[WhiteFideId "-1"]
[PlyCount "87"]
[GameId "2191150456956476"]
[EventDate "2025.02.12"]
[EventType "swiss"]
[EventRounds "4"]
[EventCountry "CAN"]

1. e4 b6 2. Nc3 Bb7 3. Nf3 e6 4. d3 Bb4 5. Bd2 Ne7 6. a3 Bxc3 7. Bxc3 O-O 8. Be2 d5 9. e5 c5 10. d4 cxd4 11. Bxd4 Nbc6 12. c3 Nxd4 13. cxd4 Rc8 14. O-O Qd7 15. Qd3 Qc6 16. Qd2 Qc2 17. Rac1 Qxd2 18. Nxd2 Nf5 19. Nf3 f6 20. exf6 gxf6 21. Bb5 a6 22. Bd7 Rxc1 23. Rxc1 Ng7 24. Rc7 Ba8 25. Ra7 a5 26. h3 Rd8 27. g4 h6 28. h4 e5 29. dxe5 fxe5 30. Nxe5 d4 31. Kf1 Bd5 32. Ke2 Ne6 33. Bxe6+ Bxe6 34. f4 Rd5 35. a4 Rc5 36. Kd3 Rd5 37. Rb7 Rd6 38. f5 Bd5 39. Rb8+ Kg7 40. g5 hxg5 41. hxg5 Bc6 42. f6+ Kh7 43. g6+ Kh6 44. f7 1-0

[Event "Verseau U1400"]
[Site "Chambly CAN"]
[Date "2025.03.05"]
[Round "4.10"]
[White "Alameddine, Karim"]
[Black "Bonin, Francis"]
[Result "0-1"]
[WhiteElo "1335"]
[BlackElo "1250"]
[WhiteFideId "-1"]
[WhiteFideId "-1"]
[PlyCount "110"]
[GameId "2191150456956477"]
[EventDate "2025.02.12"]
[EventType "swiss"]
[EventRounds "4"]
[EventCountry "CAN"]

1. e4 e5 2. d3 Nc6 3. c3 Nf6 4. h3 Bc5 5. Nf3 d5 6. Qc2 Be6 7. Be2 h6 8. b4 Bb6 9. b5 Ne7 10. a4 a5 11. bxa6 bxa6 12. Nxe5 d4 13. c4 Qd6 14. Nf3 Nd7 15. Nbd2 a5 16. Bb2 c5 17. Bf1 O-O 18. g3 Nc6 19. Qd1 f5 20. Bg2 f4 21. g4 Nde5 22. Nxe5 Nxe5 23. Nf3 Rab8 24. Rb1 g5 25. Qe2 Bd7 26. Qd1 Bc7 27. Nxe5 Qxe5 28. f3 Rb4 29. h4 Rfb8 30. Qd2 Qf6 31. hxg5 hxg5 32. Bf1 Be8 33. Qh2 Bg6 34. Qc2 Kf7 35. Rh6 Qb6 36. Rh2 Be5 37. Rd2 Kg7 38. Kf2 Be8 39. Qc1 Bxa4 40. Be2 Qh6 41. Kg2 Qh4 42. Qh1 Qg3+ 43. Kf1 Rh8 44. Qg2 Rh2 45. Qxg3 fxg3 46. Ra1 Bf4 47. Ba3 Rh1+ 48. Kg2 Rxa1 49. Bxb4 axb4 50. Rb2 Bc1 51. Kxg3 Bxb2 52. f4 Bd1 53. Bf1 Bxg4 54. Kxg4 Rxf1 55. Kxg5 Bc1 0-1

[Event "Verseau U1400"]
[Site "Chambly CAN"]
[Date "2025.03.05"]
[Round "4.11"]
[White "Coutu, Olivier"]
[Black "Doyon, Martin"]
[Result "0-1"]
[WhiteElo "1192"]
[BlackElo "1317"]
[WhiteFideId "-1"]
[WhiteFideId "-1"]
[PlyCount "77"]
[GameId "2191150456956478"]
[EventDate "2025.02.12"]
[EventType "swiss"]
[EventRounds "4"]
[EventCountry "CAN"]

1. d4 Nf6 2. Bf4 g6 3. e3 Bg7 4. Nf3 O-O 5. Bd3 d6 6. Nc3 Bg4 7. h3 Bxf3 8. Qxf3 c6 9. O-O Nbd7 10. e4 Qb6 11. e5 dxe5 12. dxe5 Nd5 13. Nxd5 cxd5 14. Qxd5 Rad8 15. Be3 Qc7 16. f4 Nxe5 17. Qb3 Nxd3 18. cxd3 Bd4 19. Bxd4 Rxd4 20. f5 Qc5 21. Kh1 Qd5 22. Qxd5 Rxd5 23. fxg6 hxg6 24. Rf3 Rfd8 25. Raf1 f5 26. Rg3 Kf7 27. Rff3 e5 28. Kg1 f4 29. Rg5 Kf6 30. h4 Rxd3 31. Rxd3 Rxd3 32. b3 Rd2 33. g3 Rxa2 34. gxf4 exf4 35. Rc5 Ra3 36. Rc3 Kf5 37. Kg2 Kg4 38. Rf3 a5 39. Kf1 0-1

[Event "Verseau U1400"]
[Site "Chambly CAN"]
[Date "2025.03.05"]
[Round "4.12"]
[White "Vallee, Genevieve"]
[Black "Capotorto, Michele"]
[Result "1-0"]
[WhiteElo "1243"]
[BlackElo "962"]
[WhiteFideId "-1"]
[WhiteFideId "-1"]
[PlyCount "39"]
[GameId "2191150456956479"]
[EventDate "2025.02.12"]
[EventType "swiss"]
[EventRounds "4"]
[EventCountry "CAN"]

1. e4 e5 2. Nf3 Nc6 3. Bc4 Bc5 4. d3 Nf6 5. Bg5 O-O 6. Nc3 d6 7. Nd5 Ng4 8. Bxd8 Nxf2 9. Qd2 Nxh1 10. O-O-O Nf2 11. Rf1 Ng4 12. Bg5 h6 13. h3 hxg5 14. hxg4 f6 15. Nxc7+ Kh7 16. Nxa8 Bd7 17. Nc7 b6 18. Nd5 a5 19. Nxg5+ Kg8 20. Ne7+ 1-0

[Event "Verseau U1400"]
[Site "Chambly CAN"]
[Date "2025.03.05"]
[Round "4.13"]
[White "Monette, Andre"]
[Black "Lauzon, Francois"]
[Result "0-1"]
[WhiteElo "1106"]
[BlackElo "1224"]
[WhiteFideId "-1"]
[WhiteFideId "-1"]
[PlyCount "68"]
[GameId "2191150456956480"]
[EventDate "2025.02.12"]
[EventType "swiss"]
[EventRounds "4"]
[EventCountry "CAN"]

1. e4 c5 2. Bc4 e6 3. Nf3 Nc6 4. d3 Nf6 5. Nc3 d5 6. exd5 exd5 7. Bb5 d4 8. Qe2+ Be7 9. Ne4 Nxe4 10. Qxe4 Qa5+ 11. Bd2 Qxb5 12. O-O O-O 13. Ng5 Bxg5 14. Bxg5 Be6 15. Qf3 Rae8 16. Qg3 Bf5 17. h4 Bg6 18. h5 Bxh5 19. Bf4 f6 20. Bd6 Rf7 21. Rfe1 Ne7 22. a4 Qd7 23. Bxc5 h6 24. Re4 Nf5 25. Qh2 Bg6 26. Bxa7 Rxe4 27. dxe4 Nd6 28. f3 Qc6 29. Rd1 Qxc2 30. Re1 Nc4 31. Bc5 d3 32. Qb8+ Kh7 33. Bb4 Qxb2 34. Bc5 d2 0-1

[Event "Verseau U1400"]
[Site "Chambly CAN"]
[Date "2025.03.05"]
[Round "4.14"]
[White "Raymond, Pierre"]
[Black "Laplante, Germain"]
[Result "1-0"]
[WhiteElo "1112"]
[BlackElo "1212"]
[WhiteFideId "-1"]
[WhiteFideId "-1"]
[PlyCount "91"]
[GameId "2191150456956481"]
[EventDate "2025.02.12"]
[EventType "swiss"]
[EventRounds "4"]
[EventCountry "CAN"]

1. e4 c6 2. d4 d5 3. Nc3 dxe4 4. Nxe4 Bf5 5. Ng3 Bg6 6. Nf3 Nf6 7. h3 e6 8. c3 Bd6 9. Ne2 Nbd7 10. Bf4 Qc7 11. Bxd6 Qxd6 12. Ng3 h6 13. Be2 O-O 14. O-O Rfe8 15. Ne5 Nxe5 16. dxe5 Qxe5 17. Qb3 Re7 18. Rad1 Ne4 19. f4 Qc5+ 20. Kh2 Nxg3 21. Bd3 Nxf1+ 22. Bxf1 Qf2 23. Qc4 Bc2 24. Rd4 e5 25. fxe5 Rxe5 26. Rf4 Qe3 27. Qxf7+ Kh7 28. h4 Rf5 29. Rxf5 Bxf5 30. Qxf5+ Kh8 31. Bd3 g6 32. Qxg6 Qe5+ 33. g3 Qe7 34. Qxh6+ Kg8 35. Bc4+ Qf7 36. Qg5+ Kf8 37. Bxf7 Kxf7 38. Qf5+ Ke7 39. Qh7+ Kd6 40. Qxb7 Re8 41. b4 Re2+ 42. Kh3 Rxa2 43. c4 a5 44. Qb8+ Ke6 45. c5 axb4 46. Qg8+ 1-0

[Event "Winnipeg MCA Summer Seniors"]
[Site "Winnipeg CAN"]
[Date "2025.07.04"]
[Round "1.1"]
[White "Baragar, Fletcher"]
[Black "Aria, Armin"]
[Result "1-0"]
[WhiteElo "2256"]
[BlackElo "1753"]
[WhiteFideId "-1"]
[WhiteFideId "-1"]
[PlyCount "72"]
[GameId "2205803758493934"]
[EventDate "2025.07.04"]
[EventType "swiss"]
[EventRounds "4"]
[EventCountry "CAN"]

1. d4 Nf6 2. c4 d5 3. cxd5 Nxd5 4. Nf3 e6 5. e4 Bb4+ 6. Bd2 Bxd2+ 7. Qxd2 Nf6 8. Nc3 O-O 9. Bc4 a6 10. O-O b5 11. Bd3 Bb7 12. e5 Nd5 13. Ne4 Nc6 14. Nc5 Bc8 15. Rac1 Nb8 16. Be4 Nd7 17. Ng5 Nxc5 18. Bxh7+ Kh8 19. Rxc5 Qe7 20. Be4 f6 21. Nf3 Bb7 22. Nh4 Qf7 23. Ng6+ Kg8 24. Nxf8 Rxf8 25. exf6 Qxf6 26. Rxc7 Nxc7 27. Bxb7 Rd8 28. Qc3 Nd5 29. Bxd5 exd5 30. Re1 Rf8 31. Re2 Qf5 32. Qe1 Kh7 33. h3 Rc8 34. Qd1 Qf4 35. Rd2 Rf8 36. Qh5+ Kg8 1-0

[Event "Winnipeg MCA Summer Seniors"]
[Site "Winnipeg CAN"]
[Date "2025.07.04"]
[Round "1.2"]
[White "Remillard, John"]
[Black "Babb, Jeff"]
[Result "0-1"]
[WhiteElo "1679"]
[BlackElo "2039"]
[WhiteFideId "-1"]
[WhiteFideId "-1"]
[PlyCount "118"]
[GameId "2205803758510319"]
[EventDate "2025.07.04"]
[EventType "swiss"]
[EventRounds "4"]
[EventCountry "CAN"]

1. Nf3 Nf6 2. c4 e6 3. Nc3 Bb4 4. a3 Bxc3 5. dxc3 b6 6. Bg5 h6 7. Bxf6 Qxf6 8. Qd4 Bb7 9. O-O-O d6 10. Qxf6 gxf6 11. Nd4 a6 12. Rg1 Nd7 13. g3 Ne5 14. Bg2 Bxg2 15. Rxg2 Nxc4 16. Kc2 c5 17. Nf3 Ke7 18. Nd2 Nxd2 19. Rxd2 d5 20. b3 h5 21. e3 f5 22. f3 b5 23. g4 hxg4 24. fxg4 fxg4 25. Rxg4 Rag8 26. Rg3 Rxg3 27. hxg3 Rg8 28. Rg2 Rg4 29. Kd3 a5 30. Rg1 c4+ 31. bxc4 Rxc4 32. Rb1 Rc5 33. g4 f6 34. Rg1 Rc4 35. Rb1 Rc5 36. Rg1 Kf7 37. Kd4 Rc4+ 38. Kd3 Kg6 39. Rb1 Rxg4 40. Rxb5 Ra4 41. Rb6 Kf5 42. Rb3 Ke5 43. Ke2 f5 44. Kd3 f4 45. exf4+ Kxf4 46. Ke2 Ke4 47. Kd2 e5 48. Ke2 Kf5 49. Kf3 Rc4 50. Ke2 a4 51. Rb4 Rxc3 52. Rxa4 d4 53. Kd2 Ke4 54. Ra5 Rh3 55. a4 Rh2+ 56. Kd1 Ra2 57. Ke1 d3 58. Kd1 Kd4 59. Ra8 Ke3 0-1

[Event "Winnipeg MCA Summer Seniors"]
[Site "Winnipeg CAN"]
[Date "2025.07.04"]
[Round "1.3"]
[White "Rutter, Blair"]
[Black "Greenberg, Harley"]
[Result "1-0"]
[WhiteElo "1923"]
[BlackElo "1670"]
[WhiteFideId "-1"]
[WhiteFideId "-1"]
[PlyCount "45"]
[GameId "2205803758510320"]
[EventDate "2025.07.04"]
[EventType "swiss"]
[EventRounds "4"]
[EventCountry "CAN"]

1. c4 e5 2. g3 Nf6 3. Bg2 Nc6 4. Nc3 Bb4 5. e4 O-O 6. Nge2 b6 7. O-O Bb7 8. d3 Ne7 9. Bg5 c6 10. Bxf6 gxf6 11. f4 Bc5+ 12. Kh1 Be3 13. Rf3 exf4 14. gxf4 Bc5 15. Rh3 Bc8 16. f5 d5 17. cxd5 cxd5 18. Nf4 Nxf5 19. Qh5 Re8 20. Qxh7+ Kf8 21. Ncxd5 Ne7 22. Qh6+ Kg8 23. Nxf6# 1-0

[Event "Winnipeg MCA Summer Seniors"]
[Site "Winnipeg CAN"]
[Date "2025.07.04"]
[Round "1.4"]
[White "Melnyk, James"]
[Black "Kuryliw, Ray"]
[Result "0-1"]
[WhiteElo "1621"]
[BlackElo "1920"]
[WhiteFideId "-1"]
[WhiteFideId "-1"]
[PlyCount "124"]
[GameId "2205803758510321"]
[EventDate "2025.07.04"]
[EventType "swiss"]
[EventRounds "4"]
[EventCountry "CAN"]

1. e4 c6 2. d4 d5 3. Nc3 dxe4 4. Bc4 Nf6 5. f3 Bf5 6. g4 Bg6 7. g5 Nd5 8. Nxe4 e6 9. Ne2 Nd7 10. Bd3 Nb4 11. Bc4 Be7 12. h4 h6 13. a3 Nd5 14. Rg1 N5b6 15. Bb3 Bxe4 16. fxe4 hxg5 17. hxg5 g6 18. Be3 Qc7 19. Qd2 O-O-O 20. O-O-O Nc5 21. Qa5 Nxb3+ 22. cxb3 Kb8 23. Rdf1 Rdf8 24. Kb1 Nd5 25. Qxc7+ Nxc7 26. Rf3 Ne8 27. Nc1 Nd6 28. Rg4 Kc7 29. Nd3 Kd8 30. Ne5 Ke8 31. Kc2 Rh2+ 32. Kb1 Rfh8 33. Rf1 R8h4 34. Rxh4 Rxh4 35. d5 Rxe4 36. Bf4 exd5 37. Nd3 Nf5 38. Bc1 Kf8 39. Rh1 Kg7 40. Rg1 Nd4 41. Nf2 Rh4 42. Re1 Ne6 43. Rg1 Rh5 44. Be3 a6 45. Rh1 Rxh1+ 46. Nxh1 Nxg5 47. Kc2 Ne4 48. Kd3 f5 49. b4 g5 50. Ke2 Kg6 51. Nf2 Nxf2 52. Bxf2 Bf6 53. b3 Be5 54. Bc5 g4 55. a4 Kg5 56. b5 axb5 57. axb5 Kh4 58. bxc6 bxc6 59. Kf2 Kh3 60. Kg1 g3 61. Bb6 g2 62. Bc5 Bh2+ 0-1

[Event "Winnipeg MCA Summer Seniors"]
[Site "Winnipeg CAN"]
[Date "2025.07.04"]
[Round "1.5"]
[White "Lauritson, Jim"]
[Black "Johnston, Devin"]
[Result "1-0"]
[WhiteElo "1910"]
[BlackElo "1554"]
[WhiteFideId "-1"]
[WhiteFideId "-1"]
[PlyCount "67"]
[GameId "2205803758510322"]
[EventDate "2025.07.04"]
[EventType "swiss"]
[EventRounds "4"]
[EventCountry "CAN"]

1. d4 Nf6 2. c4 g6 3. Nc3 Bg7 4. e4 d6 5. Be2 O-O 6. Nf3 e5 7. d5 a5 8. Bg5 Na6 9. b3 h6 10. Bh4 Qe8 11. Nd2 Nh7 12. f3 Bf6 13. Bf2 Bg5 14. O-O b6 15. a3 Bd7 16. Rb1 f5 17. b4 Bxd2 18. Qxd2 f4 19. c5 Qd8 20. cxd6 cxd6 21. bxa5 Ng5 22. Rxb6 Nh3+ 23. gxh3 Qg5+ 24. Kh1 Bxh3 25. Rg1 Qh5 26. Rxd6 g5 27. Qd1 Nc7 28. a6 Ne8 29. Rb6 Nf6 30. d6 Nd7 31. Rb7 Kg7 32. a7 Kf6 33. Nd5+ Kg7 34. Nb6 1-0